ABC of Social Science (Record no. 2895)
[ view plain ]
| 000 -LEADER | |
|---|---|
| fixed length control field | 00230nam a22000857a 4500 |
| 008 - FIXED-LENGTH DATA ELEMENTS--GENERAL INFORMATION | |
| fixed length control field | 160824b xxu||||| |||| 00| 0 eng d |
| 100 ## - MAIN ENTRY--PERSONAL NAME | |
| 9 (RLIN) | 240 |
| Personal name | Bhat R.L |
| 245 ## - TITLE STATEMENT | |
| Title | ABC of Social Science |
| 260 ## - PUBLICATION, DISTRIBUTION, ETC. (IMPRINT) | |
| Place of publication, distribution, etc. | New Delhi |
| Name of publisher, distributor, etc. | Holy Faith publication |
| Date of publication, distribution, etc. | 2008 |
| Withdrawn status | Lost status | Source of classification or shelving scheme | Damaged status | Koha normalized classification for sorting | Not for loan | Home library | Current library | Shelving location | Date acquired | Total Checkouts | Full call number | Barcode | Date last seen | Date last checked out | Price effective from | Koha item type |
|---|---|---|---|---|---|---|---|---|---|---|---|---|---|---|---|---|
| Dewey Decimal Classification | 300_000000000000000 | Good Samaritan School Library | Good Samaritan School Library | Social Science | 08/24/2016 | 1 | 300 | BHA6590 | 08/31/2016 | 08/24/2016 | 08/24/2016 | BOOK |